LEADER 01235nam a2200289 u 4500 001 000000041694 003 CaOOAMICUS 005 20070226114237.0 008 990208s1932 gw u000 u ger u 035 $a10813573 040 $aPUL(R)$bita 100 1 $aMeyer-Collings, Joachim Johannes.$0(OLS)http://pul/name/30681 245 10$aDerlictio :$bdie Dereliktion im römischen Recht bis zum Corpus Juris Civilis. 260 $aKallmünz :$bM. Lassleben,$c1932. 300 $avii, 127 p. ;$c22 cm 502 $aDiss. -- Fakultät der Friedrich-Alexanders Universität, 1932. 504 $aBibliografia in nota. 630 04$aCorpus iuris civilis.$0(OLS)http://pul/subject/2130 650 4$aDiritto romano.$0(OLS)http://pul/subject/382 850 $aPUL 852 $aPUL$W1$xDP2 Diritto e Scienze Sociali 1$y65$m189 A 45$j56450$nBK-PRI$qStampati$B56450$CPULBib$Z2$F56450 $H9707 $82 941 1 $a8 960 $aRoman law$9382 960 $aRoman law$9382 961 $aEx libris: Salvator Riccobono. 996 $6245$aDerlictio :$bdie Dereliktion im römischen Recht bis zum Corpus Juris Civilis$9(OLS)http://pul/title/56261 996 $6260$aKallmünz :$bM. Lassleben$9(OLS)http://pul/publisher/53217 LEADER 01120nam a2200289 a 4500 001 000000171043 003 CaOOAMICUS 005 20181211103552.0 008 181211s2018 it 000 u ita r 020 $a978-88-465-1241-3* 032 $aLibriCat 040 $aPUL$bita 082 14$a248.4 100 1 $aAnselmo, Vincenzo.$0(OLS)http://pul/name/109680 245 13$aIl lottatore /$cVincenzo Anselmo. 260 $aCittà del Vaticano :$bLateran University Press,$c©2018. 300 $a78 p. ; $c19 cm. 600 04$aIacob, $cpatriarca.$0(OLS)http://pul/subject/45812 650 4$aFratelli.$0(OLS)http://pul/subject/45811 850 $aPUL 852 $aPUL$W1$xSL Religione 3$y85$m248. 4 ANSVI 1$j194556$qDDC 21$B199605$CPULBib$Z2$F199605 $H131994 $81 941 1 $a9 996 $6020$a978-88-465-1241-3*$9(OLS)http://pul/number/165571 996 $6082$a248.4$9(OLS)http://pul/classification/625 996 $6245$aIl lottatore$9(OLS)http://pul/title/211907 996 $6260$aCittà del Vaticano :$bLateran University Press$9(OLS)http://pul/publisher/74585